El trabajo de las mujeres : Las normas, la jurisprudencia y la realidad /
Guardado en:
| Autor Principal: | |
|---|---|
| Otros Autores: | |
| Formato: | Libro |
| Idioma: | Spanish |
| Publicado: |
Buenos Aires :
Rubinzal Culzoni,
2017.
|
| Edición: | 1a. ed. |
| Materias: | |
| Etiquetas: |
Agregar Etiqueta
Sin Etiquetas, Sea el primero en etiquetar este registro!
|
| LEADER | 00783nam a22001815a 4500 | ||
|---|---|---|---|
| 001 | DER.der013538 | ||
| 008 | 180615s2017####ag#||||||||||||||#||spa|| | ||
| 005 | 20251016154414.0 | ||
| 245 | 1 | 0 | |a El trabajo de las mujeres : |b Las normas, la jurisprudencia y la realidad / |c Liliana Hebe Litterio , con prólogo de Mario E. Ackerman |
| 250 | |a 1a. ed. | ||
| 260 | |a Buenos Aires : |b Rubinzal Culzoni, |c 2017. | ||
| 300 | |a 715 p. | ||
| 500 | |a Ley de Contrato de Trabajo. Código Civil y Comercial. Ley de protección integral contra la violencia. Ley de trata de personas. Convenios colectivos de trabajo. Jurisprudencia. | ||
| 020 | |a 9789873007989 | ||
| 100 | 1 | |a Litterio, Liliana Hebe | |
| 700 | 1 | |a Ackerman, Mario E., |e prol. | |
| 653 | |a DERECHO LABORAL | ||
| 859 | |a DERECHO |b BIB. DERECHO |h 344 |i LIT |p 008533 | ||
